Undang-undang Am Malaysia Jilid 3 (Record no. 4957)

000 -LEADER
fixed length control field 00498nam a2200181 a 4500
005 - DATE AND TIME OF LATEST TRANSACTION
control field 20230125101452.0
008 - FIXED-LENGTH DATA ELEMENTS--GENERAL INFORMATION
fixed length control field 230120t2020 my ||||| |||| 00| 0 eng d
020 00 - INTERNATIONAL STANDARD BOOK NUMBER
International Standard Book Number 9789678928380
040 ## - CATALOGING SOURCE
Original cataloging agency AKMAL
082 ## - DEWEY DECIMAL CLASSIFICATION NUMBER
Classification number 340.09595 MAL
090 ## - LOCALLY ASSIGNED LC-TYPE CALL NUMBER (OCLC); LOCAL CALL NUMBER (RLIN)
Classification number (OCLC) (R) ; Classification number, CALL (RLIN) (NR) 340.09595
Local cutter number (OCLC) ; Book number/undivided call number, CALL (RLIN) MAL
245 10 - TITLE STATEMENT
Title Undang-undang Am Malaysia Jilid 3
Statement of responsibility, etc. Malaysia
260 00 - PUBLICATION, DISTRIBUTION, ETC.
Place of publication, distribution, etc. Petaling Jaya :
Name of publisher, distributor, etc. ILBS,
Date of publication, distribution, etc. 2020
300 ## - PHYSICAL DESCRIPTION
Extent 572p. :
Other physical details ill. ;
Dimensions 24cm
599 ## - LOCAL NOTE
Local Note DALAM PROSES
650 00 - SUBJECT ADDED ENTRY--TOPICAL TERM
Topical term or geographic name entry element Malaysia
General subdivision Law and legislation
9 (RLIN) 9453
942 ## - ADDED ENTRY ELEMENTS (KOHA)
Source of classification or shelving scheme
Koha item type Book
Holdings
Withdrawn status Lost status Source of classification or shelving scheme Damaged status Not for loan Collection code Home library Current library Shelving location Date acquired Inventory number Total Checkouts Full call number Barcode Date last seen Date last checked out Price effective from Koha item type
          NON-FICTION AKMAL Melaka AKMAL Melaka PINJAMAN 20.01.2023 011495 1 340.09595 MAL 201708156 11.09.2023 25.08.2023 20.01.2023 Book
Pusat Sumber Maklumat Dato' Haji Sarmin Md Hussin, Akademi Kastam Diraja Malaysia, Melaka
Tel: 06-2331106 | Faks: 06-2313787